00388nam a2200133Ia 4500008004100000100002300041245001600064260000900080300003300089440002400122650001700146999001900163952007200182180117s9999 xx 000 0 und d aby Beth day romulo aAnother Day c2017 a24-25 pages, 2017 January 29 aPhilippine Panorama aOBAMA LEGACY c353457d353457 001040aCLbCLd2018-01-17l0r2018-01-17 00:00:00w2018-01-17ySE